00678nam a2200157 i 450000100060000000300090000600500170001500700030003200800410003524501490007626001020022530000220032785200320034999900170038195201220039858977ES-MaACL20230906163931.0t|031027s1970 sp ||||1| spa d00aComités técnicos de economía papelera b: personal de ventas, planificación, contable, marketing, mantenimiento y acción concertada... aMadrid : bAsociación de Investigación Técnica de la Industria Papelera Española, c1970. a202 p. ; c23 cm. aES-MaACLjC-47463 bR.77453 c58977d58977 00104070aATENEOMbATENEOMcDEPO2d2008-01-17eSCl0oC-47463p1061866r2023-02-23 00:00:00w2023-02-23yMONOGRAFIA